Catálogo
 En Linea

La URSS en la segunda guerra mundial : (Registro nro. 20690)

Detalles MARC
000 -CABECERA
campo de control de longitud fija 00573nam a2200169 a 4500
001 - NÚMERO DE CONTROL
campo de control 000021189
005 - FECHA Y HORA DE LA ÚLTIMA TRANSACCIÓN
campo de control 20200930011246.0
008 - DATOS DE LONGITUD FIJA--INFORMACIÓN GENERAL
campo de control de longitud fija 100901s1985 ru a r 000 | spa d
040 ## - FUENTE DE LA CATALOGACIÓN
Centro catalogador/agencia de origen DO-SdBNP
Lengua de catalogación spa
Centro/agencia transcriptor BNPHU
082 ## - NÚMERO DE LA CLASIFICACIÓN DECIMAL DEWEY
Número de clasificación xxx
Número de documento/Ítem E67u
049 ## - FONDOS LOCALES (OCLC)
Fondos de biblioteca BNGR
100 1# - ENTRADA PRINCIPAL--NOMBRE DE PERSONA
Nombre de persona Eremeiev, Leonid
9 (RLIN) 44295
245 10 - MENCIÓN DE TÍTULO
Título La URSS en la segunda guerra mundial :
Resto del título visto por amigos y enemigos /
Mención de responsabilidad, etc. Leonid Eremeiev; traducción de Vladímir Pilipenko.
260 ## - PUBLICACIÓN, DISTRIBUCIÓN, ETC.
Lugar de publicación, distribución, etc. Moscú :
Nombre del editor, distribuidor, etc. Agencia de Prensa Nóvosti,
Fecha de publicación, distribución, etc. 1985.
300 ## - DESCRIPCIÓN FÍSICA
Extensión 124 p., :
Otras características físicas il ;
Dimensiones 17 cm.
700 1# - PUNTO DE ACCESO ADICIONAL--NOMBRE DE PERSONA
Nombre de persona Pilipenko, Vladímir
Término indicativo de función/relación tr.
9 (RLIN) 44296
Existencias
Estado de retiro Estado de pérdida Restricciones de uso No para préstamo Código de colección Localización permanente Ubicación/localización actual Ubicación en estantería Fecha de adquisición Número de inventario Total de préstamos Signatura topográfica completa Código de barras Fecha visto por última vez Precio válido a partir de Tipo de ítem Koha
      Excluido de préstamo Monografías: Libros y Folletos General General En catalogación 01.09.2010 LF1   xxx E67u 21189-10 25.06.2020 25.06.2020 No se presta

Con tecnología Koha